000 00304nam a2200121Ia 4500
008 220204s9999 xx 000 0 und d
082 _a808.2
_bDUF
100 _aDuff, Charles
245 0 _aRussian for adults
260 _aLondon
_bEnglish Universities
_c1962
700 _aMakaroff, Dmitri
942 _cBK
999 _c25538
_d25538